MDQL
is popping MORE tags! Check the
thread
!
Quizzes
Events
Quiz Creation
Community
Videos
Private Events
Remove Ads
Sign In
Join for FREE
Feedback
Dark Mode
Quiz Categories
Sports
Geography
Music
Movies
Television
Just For Fun
Miscellaneous
History
Literature
Language
Science
Gaming
Entertainment
Religion
Holiday
For Kids
Quiz Lab
Recent
Popular Today
Quiz Kudos Today
Editor Picks
Curator Picks
Quizzes by...
Day
Popularity
Type
Ratings
Length
Year
Community
Subscriptions
Recent Discussions
Orange Saloon
Badges
Playlists
Quests
Create
Leaderboards
Showdown
Live 5
Trivia Bingo
Activity
Puzzle Library
Sporcle Events
Private Events
Virtual Trivia
Globe League
Become a Host
Pub Owners
SporcleCon
Opinionation
Our Games
Videos
Blog
Mobile Apps
Partnerships
Remove Ads and Go Orange
Feedback
Movies
Disney
Marvel Cinematic Universe
Movie Resume
Movie Titles
Oscar
Actor
Actress
Director
Pixar
Role
Movie Quotes
Movie Characters
Box Office
Nominee
Best Picture
Star Wars
James Bond
Horror Movies
Movies
Disney
Marvel Cinematic Universe
Movie Resume
Movie Titles
Oscar
Actor
Actress
Director
Pixar
Role
Movie Quotes
Movie Characters
Box Office
Nominee
Best Picture
Star Wars
James Bond
Horror Movies
Random Quiz
Search Sporcle
×
Quiz Lab
Quiz Lab
Movies
Alfred Hitchcock
Type in answers that appear in a list
Type in answers that appear in a list
Classic
Best Score? Go Orange.
Hitchcock Cameos Stats
Can you name the cameos by Alfred Hitchcock in his films based upon the description?
By
Arbogast
10m
37 Questions
296 Plays
296 Plays
296 Plays
Comments
Comments
Give Quiz Kudos
Give Quiz Kudos
-
- Ratings
hide this ad
Forced Order
Answers have to be entered in order
Answers have to be entered in order
Random Order
Randomize order of answers
Randomize order of answers
Replay
Link that replays current quiz
Next Quiz
Link to next quiz in quiz playlist
You Got
0%
They Got
Avg Score
54%
Avg Friend Score
Upgrade to see
Score Distribution
Jump to the score distribution portion of the page
Score
0/37
Timer
10:00
0
Plays Today
Description
Movie
% Correct
Winding a clock in the songwriter's apartment across the courtyard.
Rear Window
82.1%
Leaving a San Francisco pet shop walking his two pet dogs.
The Birds
81.8%
Wearing a large cowboy hat on the sidewalk outside a Phoenix real estate office.
Psycho
80.7%
At the end of the opening credits, running to catch a New York City bus but arriving just as the doors close.
North by Northwest
77.7%
Sitting in the rear of the bus next to a cat burglar, staring straight ahead.
To Catch a Thief
76%
Shortly before a murder, watching acrobatics at a Marrakech outdoor market.
The Man Who Knew Too Much
75.7%
As a party guest at an ex-
Nazi's mansion, sipping a glass of champagne.
Notorious
75.7%
In a newspaper ad for Reduco Obesity Slayer.
Lifeboat
72.3%
In a black-
tie class reunion photo, looking back at the camera.
Dial 'M' for Murder
71.6%
Awkwardly boarding a train while carrying a double bass.
Strangers on a Train
70.9%
Passing a San Francisco shipyard office carrying a horn case.
Vertigo
70.3%
Emerging from a hotel room and looking at the camera as the title character, wearing a black wig, leaves the hotel.
Marnie
65.5%
In trademark sideview caricature as part of a neon sign flashing briefly outside an apartment window.
Rope
62.5%
Sitting in a Copenhagen hotel with a baby in his lap, with the music briefly changing to 'Funeral March of the Marionette.'
Torn Curtain
57.8%
Playing a card game on a train to Santa Rosa with a hand full of spades.
Shadow of a Doubt
54.1%
In a crowd listening to a political speech, wearing a black bowler hat.
Frenzy
53.4%
In silhouette behind a frosted door labeled 'Registrar of Births and Deaths.'
Family Plot
52.7%
Walking past a phone booth where a gentleman makes a call to the main characters' housekeeper.
Rebecca
52.4%
Not a traditional cameo; introducing the film before the opening credits while strongly backlit.
The Wrong Man
51.4%
Description
Movie
% Correct
Being pushed in a wheelchair at LaGuardia Airport, then standing up and greeting a man.
Topaz
50.3%
Walking by, then turning back to give a prolonged look at an aspiring young actress disguised as an older actress' maid.
Stage Fright
49.3%
At the close of the opening credits, strolling in silhouette at the top of a long flight of stairs in Quebec.
I Confess
49%
While the hero escapes from a music theater, walking by and tossing some litter in front of a bus.
The 39 Steps
49%
Walking past one of the title characters in front of the building where he lives with the other title character.
Mr. and Mrs. Smith
48%
Mailing a letter at a village mailbox as the heroine meets a friend in town.
Suspicion
44.9%
Leaving an elevator at the Empire State Hotel, carrying a violin case and smoking a cigarette.
Spellbound
44.3%
Walking in the distance by a parked limousine while an old man looks at an outdoor art exhibition.
The Trouble with Harry
42.9%
In the Sydney town square during a parade, donned in blue coat and brown hat.
Under Capricorn
42.6%
At a newsstand outside a Cut Rate Drugs store in New York City.
Saboteur
40.2%
Walking with a woman past the boarding house where the title misdeed took place.
Murder!
38.9%
Walking on the platform at Victoria Station in London as the lead couple returns to the city, smoking a cigarette.
The Lady Vanishes
37.5%
Watching an arrest take place below as part of a crowd at an upper railing, while an angry crowd attempts to beat up the title character.
The Lodger
37.2%
Outside a courthouse posing as a photographer holding a camera, while a prisoner makes his escape.
Young and Innocent
32.1%
Deboarding a train at a station in England, carrying a cello case.
The Paradine Case
31.1%
Looking down reading a newspaper and walking past the hero as he leaves his London hotel.
Foreign Correspondent
30.1%
Sitting on a London subway train behind the lead characters, engaging in a stare-
down with a young boy who is pestering him.
Blackmail
29.7%
During a tennis court sequence, leaving through a side gate carrying a walking stick.
Easy Virtue
17.9%
Quiz Playlist
Details
Report
Send in Message
Add To Playlist
Classic:
Type in answers that appear in a list
Forced Order:
Answers have to be entered in order
Random Order:
Randomize order of answers
Last Updated: Aug 3, 2017
Quiz Scoreboard
CHALLENGE
Sign Up to Join the Scoreboard
Show All
Scores
Hide
Comments
May contain spoilers
Recently Published
Two Season TV Shows II
by 123Four
Television
10m
Image Sorting: Flags VI
by Barbecue
Geography
2m
Find the 'City' Movie
by crazypaving
Movies
60s
More to Explore
Quiz From the Vault
Featured Blog Post
14 Easter Pick-up Lines to Find Eggs With
hide this ad
You Might Also Like...
Tags
Alfred
Alfred Hitchcock
cameo
description
Today's Top Quizzes in Movies
Browse Movies
hide this ad
Today's Top Quizzes in Alfred Hitchcock
Browse Alfred Hitchcock
Top Contributed Quizzes in Movies
1
Find The 'Big' Movie
2
The ultimate James Bond movie quiz
3
Find The 'Wild' Movie
4
Find The 'Blue' Movie
5
Movies By Plot
6
Hidden Star Wars Character II
7
Pick 5 Posters: Directed by Spielberg
8
Hidden Star Wars Character III
9
Hidden Star Wars Character IV
10
25 Best Actor Nominees (1990s)
Explore More
Trending Topics
NBA
Crossword
Anime
Harry Potter
Disney
Kpop
Marvel
Country
WWE
Song
Puzzle
NFL
Soccer
Pokémon
The Office
hide this ad
More By:
Arbogast
Quiz
Plays
Rating
Category
Featured
Created
All NBA Team players 2000-2009
9,920
4.50
Sports
Mar 28, 2010
Empire Magazine's 500 Greatest Movies of All Time: 1-250
5,065
3.68
Movies
Sep 20, 2011
Most Oscar Nominated Directors
4,599
4.46
Movies
Oct 10, 2011
EVERY Nominee for Best Comedy Series Emmy
4,491
3.75
Television
Aug 27, 2011
All NBA Team players 1990-1999
4,073
4.44
Sports
Mar 28, 2010
Go to Creator's Profile
Score Distribution
Quiz Creator Spotlight
Arbogast
Follow
Send a Message
Quizzes Created
-
Created Quiz Play Count
-
More By This Creator
Popular Quizzes Today
1
Find the US States - No Outlines Minefield
2
Colored Red Africa Blitz
3
Find the 'City' Movie
4
5x2 Blitz: Bands
5
The Countries of the World
6
Find the Countries of Europe - No Outlines Minefield
7
Find the US States
8
US States
More Movies Quizzes
Missing Word in Movies: Country
Editor's Pick
Trending Quizzes
Colored Red Europe Blitz I
Colored Red Africa Blitz II
Colored Red Europe Blitz II
Colored Red Africa Blitz III
Colored Red Europe Blitz III
Recently Updated
How Do You Spell That?
pecheneg
Godzilla Movies
pecheneg
Grab Bag: 4-10 Letters
pecheneg
2024 March Madness Bracket
pecheneg
Famous TV Couples
Peacemaker
Champions League XIs: Real Madrid
pecheneg
Largest US Cities 1790-2010
pecheneg
Rides in Walt Disney World
pecheneg
Most Oscar Losses (Acting)
pecheneg
Beyoncé Albums
pecheneg
Trending Topics
Harry Potter
Marvel
Kpop
NBA
Disney
Crossword
Anime
Pokémon
Song
Soccer
The Office
WWE
NFL
Puzzle
Country
Your Account Isn't Verified!
In order to create a playlist on Sporcle, you need to verify the email address you used during registration. Go to your
Sporcle Settings
to finish the process.
Report this User
Report this user for behavior that violates our
Community Guidelines
.
Details:
Send Report
Go to the Sporcle.com Mobile Site →
Comments